<?xml version="1.0" encoding="UTF-8"?>
<record
    xmlns:xsi="http://www.w3.org/2001/XMLSchema-instance"
    xsi:schemaLocation="http://www.loc.gov/MARC21/slim http://www.loc.gov/standards/marcxml/schema/MARC21slim.xsd"
    xmlns="http://www.loc.gov/MARC21/slim">

  <leader>01303nam a22002897a 4500</leader>
  <controlfield tag="001">9981</controlfield>
  <controlfield tag="003">FISKH</controlfield>
  <controlfield tag="005">20260423082026.0</controlfield>
  <controlfield tag="008">260323b        cb ||||| |||| 00| 0 eng d</controlfield>
  <datafield tag="020" ind1=" " ind2=" ">
    <subfield code="a">9798988191216</subfield>
  </datafield>
  <datafield tag="040" ind1=" " ind2=" ">
    <subfield code="a">FISKH</subfield>
    <subfield code="b">eng</subfield>
    <subfield code="c">FISKH</subfield>
    <subfield code="d">FISKH</subfield>
  </datafield>
  <datafield tag="050" ind1=" " ind2=" ">
    <subfield code="a">PZ7</subfield>
  </datafield>
  <datafield tag="082" ind1=" " ind2=" ">
    <subfield code="a">813</subfield>
  </datafield>
  <datafield tag="100" ind1=" " ind2=" ">
    <subfield code="a">Orndorff, Breanne</subfield>
    <subfield code="e">Author</subfield>
  </datafield>
  <datafield tag="245" ind1=" " ind2=" ">
    <subfield code="a">Santa comes to Cambodia /</subfield>
    <subfield code="c">Written by Breanne Orndorff ; illustrated by Diobhas </subfield>
  </datafield>
  <datafield tag="260" ind1=" " ind2=" ">
    <subfield code="b">Breanne Orndorff ,</subfield>
    <subfield code="c">2024</subfield>
  </datafield>
  <datafield tag="300" ind1=" " ind2=" ">
    <subfield code="a">30 unnumbered pages : </subfield>
    <subfield code="b">color illustrations ;</subfield>
    <subfield code="c">20 x 26 cm</subfield>
  </datafield>
  <datafield tag="505" ind1=" " ind2=" ">
    <subfield code="a">N
</subfield>
  </datafield>
  <datafield tag="520" ind1=" " ind2=" ">
    <subfield code="a">When Santa's sleigh crash-lands in Phnom Penh, Cambodia, an ingenious boy comes up with a plan to help Santa navigate the beautiful country and save Christmas! Join them on their adventure with stops including a boat ride to the islands, a moto ride around Angkor Wat, a rickshaw drive through the mangroves in Kampot, and a return to Phnom Penh on a cyclo where Santa's sleigh is repaired and ready for its next stop in Southeast Asia. Experience a memorable night full of fun and surprises. </subfield>
  </datafield>
  <datafield tag="521" ind1="8" ind2=" ">
    <subfield code="a">550
</subfield>
    <subfield code="b">Lexile estimate
</subfield>
  </datafield>
  <datafield tag="521" ind1="8" ind2=" ">
    <subfield code="a">N
</subfield>
    <subfield code="b">Raz-Plus
</subfield>
  </datafield>
  <datafield tag="650" ind1=" " ind2=" ">
    <subfield code="a">Christmas </subfield>
    <subfield code="v">Cambodia</subfield>
  </datafield>
  <datafield tag="650" ind1=" " ind2=" ">
    <subfield code="a">Culture </subfield>
    <subfield code="v">Holiday stories</subfield>
  </datafield>
  <datafield tag="700" ind1=" " ind2=" ">
    <subfield code="a">Diobhas </subfield>
    <subfield code="e">Illustrator </subfield>
  </datafield>
  <datafield tag="942" ind1=" " ind2=" ">
    <subfield code="2">ddc</subfield>
    <subfield code="c">BK</subfield>
    <subfield code="n">0</subfield>
  </datafield>
  <datafield tag="999" ind1=" " ind2=" ">
    <subfield code="c">9981</subfield>
    <subfield code="d">9981</subfield>
  </datafield>
  <datafield tag="952" ind1=" " ind2=" ">
    <subfield code="0">0</subfield>
    <subfield code="1">0</subfield>
    <subfield code="2">ddc</subfield>
    <subfield code="4">0</subfield>
    <subfield code="7">0</subfield>
    <subfield code="8">JUVF</subfield>
    <subfield code="a">002</subfield>
    <subfield code="b">002</subfield>
    <subfield code="c">TTP Yellow </subfield>
    <subfield code="d">2026-03-23</subfield>
    <subfield code="l">1</subfield>
    <subfield code="o">ORN 813 PZ7</subfield>
    <subfield code="p">2026-0363</subfield>
    <subfield code="q">2026-04-10</subfield>
    <subfield code="r">2026-03-27 11:11:37</subfield>
    <subfield code="s">2026-03-27</subfield>
    <subfield code="t">1</subfield>
    <subfield code="w">2026-03-23</subfield>
    <subfield code="y">BK</subfield>
  </datafield>
  <datafield tag="952" ind1=" " ind2=" ">
    <subfield code="0">0</subfield>
    <subfield code="1">0</subfield>
    <subfield code="2">ddc</subfield>
    <subfield code="4">0</subfield>
    <subfield code="7">0</subfield>
    <subfield code="8">JUVF</subfield>
    <subfield code="a">001</subfield>
    <subfield code="b">001</subfield>
    <subfield code="c">TK Yellow</subfield>
    <subfield code="d">2026-03-27</subfield>
    <subfield code="l">0</subfield>
    <subfield code="o">ORN 813 PZ7</subfield>
    <subfield code="p">2026-0396</subfield>
    <subfield code="r">2026-03-27 14:26:20</subfield>
    <subfield code="t">2</subfield>
    <subfield code="w">2026-03-27</subfield>
    <subfield code="y">BK</subfield>
  </datafield>
  <datafield tag="952" ind1=" " ind2=" ">
    <subfield code="0">0</subfield>
    <subfield code="1">0</subfield>
    <subfield code="2">ddc</subfield>
    <subfield code="4">0</subfield>
    <subfield code="7">0</subfield>
    <subfield code="8">JUVF</subfield>
    <subfield code="a">001</subfield>
    <subfield code="b">001</subfield>
    <subfield code="c">TK Yellow</subfield>
    <subfield code="d">2026-04-22</subfield>
    <subfield code="l">0</subfield>
    <subfield code="o">ORN 813 PZ7</subfield>
    <subfield code="p">2026-0514</subfield>
    <subfield code="r">2026-04-22 09:05:30</subfield>
    <subfield code="t">3</subfield>
    <subfield code="w">2026-04-22</subfield>
    <subfield code="y">BK</subfield>
  </datafield>
  <datafield tag="952" ind1=" " ind2=" ">
    <subfield code="0">0</subfield>
    <subfield code="1">0</subfield>
    <subfield code="2">ddc</subfield>
    <subfield code="4">0</subfield>
    <subfield code="7">0</subfield>
    <subfield code="8">JUVF</subfield>
    <subfield code="a">002</subfield>
    <subfield code="b">002</subfield>
    <subfield code="c">TTP Yellow </subfield>
    <subfield code="d">2026-04-23</subfield>
    <subfield code="l">1</subfield>
    <subfield code="o">ORN 813 PZ7</subfield>
    <subfield code="p">2026-0530</subfield>
    <subfield code="q">2026-05-14</subfield>
    <subfield code="r">2026-04-30 11:11:14</subfield>
    <subfield code="s">2026-04-30</subfield>
    <subfield code="t">4</subfield>
    <subfield code="w">2026-04-23</subfield>
    <subfield code="y">BK</subfield>
  </datafield>
</record>
